00629cam a22002057a 4500003000500000005001700005008004100022010000700063011000900070035000800079040000900087082001500096111010100111245001200212260008400224300003100308650002600339650003600365700002200401CHAP20220329132911.0971010s1989 r 10010 d a81 a1053 a228 cCHAP a633.11bT300aTaller sobre la Fusariosis de la Espiga en América del Sur (d1987c: Encarnación, Paraguay) 0aMemoria aMéxico, D.F. :bCentro Internacional de Mejoramiento de Maíz y Trigo,c1989 a144 p.b: ilus. ; gráfs.14aFusarium graminearum.14aTrigoxEnfermedades por hongos.0 aKohli, Man Mohan.